Advertisting & Sales Promotion (Record no. 2156)

MARC details
000 -LEADER
fixed length control field 00396nam a22001697a 4500
005 - DATE AND TIME OF LATEST TRANSACTION
control field 20211022124742.0
008 - FIXED-LENGTH DATA ELEMENTS--GENERAL INFORMATION
fixed length control field 160530b xxu||||| |||| 00| 0 eng d
020 ## - INTERNATIONAL STANDARD BOOK NUMBER
ISBN 81-7446-259-7
041 ## - LANGUAGE CODE
Language code of text/sound track or separate title eng
082 ## - DEWEY DECIMAL CLASSIFICATION NUMBER
Item number 6061
100 ## - MAIN ENTRY--AUTHOR NAME
Personal name Kazmi. S.H.H & others
245 ## - TITLE STATEMENT
Title Advertisting & Sales Promotion
260 ## - PUBLICATION, DISTRIBUTION, ETC. (IMPRINT)
Name of publisher Excel Books
300 ## - PHYSICAL DESCRIPTION
Number of Pages 569
650 ## - SUBJECT ADDED ENTRY--TOPICAL TERM
Topical Term Management
942 ## - ADDED ENTRY ELEMENTS (KOHA)
Koha item type Books
Holdings
Lost status Damaged status Collection code Home library Current library Shelving location Date acquired Cost, normal purchase price Full call number Accession Number Koha item type
    MANAGEMENT JRU Library JRU Library SHELF-73-D 30/05/2016 295.00 659.1 6061 Books